| 000 | 00000nam##2200000za#4500 |
| 001 | 9.643419 |
| 003 | CaOODSP |
| 005 | 20210624224148 |
| 007 | cr ||||||||||| |
| 008 | 150407|2007||||xxc|||||o f|0| 0 fre|d |
| 040 | |aCaOODSP|bfre |
| 043 | |an-cn--- |
| 086 | 1 |aH22-4/8-2007F-PDF |
| 110 | 1 |aCanada. |bSanté Canada. |
| 245 | 13|aLe Programme de contribution pour la santé des femmes : |h[ressource électronique]|bcréer un partenariat entre le milieu communautaire, les chercheurs et chercheuses et les décisionnaires, pour améliorer la santé des femmes |
| 260 | |aOttawa - Ontario : |bSanté Canada |cc2007. |
| 300 | |a1p. |
| 590 | |a14-12-Supp|b2014-05-30 |
| 691 | 07|aOrganisation|2gcpds |
| 691 | 07|aSanté de la femme|2gcpds |
| 775 | 08|tThe Women's Health Contribution Program : |w(CaOODSP)9.699436 |
| 856 | 40|ahttp://publications.gc.ca|qPDF|s299 Ko|uhttps://publications.gc.ca/collections/collection_2014/sc-hc/H22-4-8-2007-fra.pdf |